Breve hisoria de la literatura argentina /
Guardado en:
| Autor Principal: | |
|---|---|
| Formato: | Libro |
| Publicado: |
Buenos Aires :
Taurus,
2006
|
| Series: | Pensamiento
|
| Materias: | |
| Etiquetas: |
Agregar Etiqueta
Sin Etiquetas, Sea el primero en etiquetar este registro!
|
| LEADER | 00580nam a22002055a 4500 | ||
|---|---|---|---|
| 001 | CEM.cems012307 | ||
| 005 | 20060915080948.0 | ||
| 008 | 130507s2006##################000#0#####d | ||
| 003 | CEMS | ||
| 020 | |a 9870403379 | ||
| 082 | 0 | 4 | |a A860.9 |
| 100 | 1 | |a Prieto, Martín | |
| 245 | 1 | 0 | |a Breve hisoria de la literatura argentina / |c Martín Prieto |
| 260 | |a Buenos Aires : |b Taurus, |c 2006 | ||
| 300 | |a 551 p. | ||
| 490 | 0 | |a Pensamiento | |
| 653 | |a Literatura argentina | ||
| 653 | |a Ensayos | ||
| 653 | |a Crítica literaria | ||
| 859 | |a CEMS |b BIB. CEMS - 11 de abril |h A860.9 |i P933 |p 23514.06 |t Ej.1 | ||
